000 01499nam a2200325 i 4500
003 EG-GICUC
005 20260130165953.0
008 260130s1984 ua ||||fr|||| 00| 0 ara d
017 _a84/3683
040 _a EG-GICUC
_bara
_c EG-GICUC
_d EG-GICUC
_erda
041 _aara
082 0 4 _221
_a343.3
_bم ح . إ
092 0 4 _221
099 _aLaw1 10 343.3 م ح . إ1984
100 0 _aمحمد زكى أبو عامر
_eمؤلف.
245 1 2 _aالإجراءات الجنائية /
_cتأليف دكتور محمد زكى أبو عامر.
264 1 _aالاسكندرية :
_bدار المطبوعات الجامعية،
_c1984.
300 _a1193 صفحة ;
_c24 سم.
336 _2rda content
_atext
337 _2rda media
_aComputer
338 _2rda carrier
_aOnline Resource
504 _aيشتمل على إرجاعات ببليوجرافية.
505 _aالإعداد للدعوى الجنائية - سيد الدعوى الجنائية - الدعوى المدنية المرتبطة بالدعوى الجنائية - التحقيق فى الدعوى الجنائية - الحكم فى الدعوى الجنائية - طرق الطعن فى الحكم الصادر فى الدعوى الجنائية.
546 _aالنص باللغة العربية
650 1 _aالقانون الجنائي
650 1 _a قانون الإجراءات الجنائية
856 4 0 _uhttps://fll.law.cu.edu.eg/fulltext/bks/B10-05206.pdf
905 _a43
942 _2ddc
_n0
_cBK
_e21
999 _c60109
_d60109